[Event "Dortmund"]
[Site "Dortmund"]
[Date "1993.??.??"]
[Round "1"]
[White "Lobron, Eric"]
[Black "Lautier, Joel"]
[Result "1/2-1/2"]
[WhiteElo "2620"]
[BlackElo "2645"]
[Annotator "Konikowski,J"]
[PlyCount "59"]
[EventDate "1993.04.??"]
[EventType "tourn"]
[EventRounds "7"]
[EventCountry "GER"]
[EventCategory "16"]
[SourceTitle "CBM 035"]
[Source "ChessBase"]
[SourceDate "1993.08.01"]
[SourceVersion "1"]
[SourceVersionDate "1993.08.01"]
[SourceQuality "1"]

1. d4 {Hertneck} d5 2. c4 c6 3. Nf3 Nf6 4. Nc3 dxc4 5. a4 Bf5 6. e3 e6 7. Bxc4
Bb4 8. O-O Nbd7 9. Nh4 (9. Qe2 Bg6 (9... O-O 10. Ne5 h6 11. Nd3 Be7 12. a5 b5
13. axb6 axb6 14. Rxa8 Qxa8 15. e4 Bh7 16. f3 b5 17. Bb3 Bd8 18. Be3 Bb6 19.
Nb4 Rc8 20. Rc1 Rc7 21. Kh1 Bg6 22. Qe1 Qf8 23. Ne2 c5 24. Na6 Rc8 25. dxc5
Nxc5 26. Bxc5 Bxc5 27. Qc3 b4 28. Qc4 Nd7 29. Nf4 Ne5 30. Nxg6 Nxg6 31. Nxc5
$18 {Nikolic,Pr-Portisch,Skeleftea 1989}) 10. e4 $5 Bxc3 11. bxc3 Nxe4 (11...
Bxe4 12. Ba3 Qc7 13. Ne5 $44) 12. Ba3 Qc7 (12... Nxc3 $2 13. Qb2 Nd5 14. Qxb7
$16) 13. Rfc1 O-O-O 14. a5 Rhe8 15. Qb2 Kb8 16. Rcb1 Ka8 17. Bf1 e5 18. Re1
Nef6 19. Nd2 exd4 20. Rxe8 Rxe8 21. cxd4 Nd5 22. Nc4 $44 {Gligoric,S-Beliavsky,
A/Beograd 1987}) 9... O-O (9... Bg4 10. f3 Bh5 11. g4 Bg6 12. e4 {()}) (9...
Bg6 10. Be2 a5 11. Nxg6 hxg6 12. Qc2 Qc7 13. g3 e5 14. Rd1 Rd8 15. Bf3 O-O 16.
Na2 Bd6 17. dxe5 Nxe5 18. Bg2 Be7 19. Bd2 Nd5 20. Qb3 $6 (20. h3 $142 {/\f2-f4;
Kramnik}) 20... Nb4 $1 21. Nxb4 axb4 22. Be1 (22. Bxb4 Qb6 23. Qc3 Qxb4 24.
Qxe5 Bf6 $10) 22... c5 $13 {Kramnik-Lautier,Pamplona 1992/93}) 10. h3 (10. f3
Bg6 11. Qb3 Qb6 12. Rd1 Rad8 13. Kh1 e5 14. Nxg6 hxg6 15. Qc2 Qa5 (15... exd4
$5) 16. Na2 (16. Qxg6 $2 Bxc3 17. bxc3 Qxc3 18. Qd3 Qxa1 19. Ba3 Qxd1+ 20. Qxd1
c5 $17) 16... exd4 17. Nxb4 Qxb4 18. Bd2 Qe7 19. exd4 Nb6 20. a5 Nxc4 21. Qxc4
Qd7 $10 {Lputian-Horvath,Jo/Sochi 1987}) 10... Bg6 11. Nxg6 hxg6 12. Qc2 Qe7 (
12... Rc8 13. Rd1 Qa5 $6 (13... Qe7 $142) (13... Qe7 {Hertneck} 14. a5 b5 $6
15. axb6 Nxb6 16. Ba6 Rc7 17. Bd2 {Portisch,L-Georgiev,K/Reggio Emilia/1989})
14. Na2 Bd6 15. Bd2 Qc7 16. b4 Rfe8 17. Rab1 $14 {Portisch,L-Hjartarson,J/
Tilburg 1988}) 13. Rd1 Rfd8 14. a5 (14. e4 {Hertneck} e5 $13) 14... c5 15. Be2
(15. a6 bxa6 16. Rxa6 cxd4 17. exd4 Nb6 18. b3 Rd6 19. Na2 Nxc4 20. Nxb4 Rxa6
21. Nxa6 Nb6 22. Nc5 Nbd5 23. Ba3 Rc8 $13) (15. d5 $2 {Hertneck} Ne5 $17) (15.
Ne2 $142 {Hertneck} cxd4 16. exd4 $13) 15... Rac8 16. Bf3 (16. d5 $2 {Hertneck}
Bxc3 17. d6 Qf8 18. bxc3 Rc6 19. Rb1 b6 20. axb6 axb6 $17) 16... Nb8 17. dxc5
Rxd1+ 18. Qxd1 Rxc5 19. Qb3 Na6 20. e4 Qc7 (20... Rxa5 21. Rxa5 Bxa5 22. e5 Nd7
(22... Bxc3 {Hertneck} 23. bxc3 Nd5 24. Bxd5 Nc5 $10) 23. Qxb7 Nc7 24. Qxa7
Bxc3 25. bxc3 Nxe5 26. Be2 {^^}) 21. Be3 Rxa5 22. Rxa5 Qxa5 23. Bxa7 b6 24. Qd1
Be7 (24... Bxc3 25. bxc3 Qxc3 26. Bxb6 Nc5 27. Bxc5 Qxc5 28. g3 e5 $10) 25. Qa4
Qxa4 26. Nxa4 b5 27. Nc3 b4 28. Na4 Nd7 29. Be2 Nac5 30. Bb5 1/2-1/2

[Event "RUS-ch KO"]
[Site "Moscow"]
[Date "1999.12.23"]
[Round "5.1"]
[White "Sakaev, Konstantin"]
[Black "Kobalia, Mihail"]
[Result "1-0"]
[WhiteElo "2648"]
[BlackElo "2573"]
[Annotator "Kortschnoj,V"]
[PlyCount "63"]
[EventDate "1999.12.04"]
[EventType "k.o."]
[EventRounds "6"]
[EventCountry "RUS"]
[SourceTitle "CBM 075"]
[Source "ChessBase"]
[SourceDate "2000.04.05"]
[SourceVersion "1"]
[SourceVersionDate "2000.04.05"]
[SourceQuality "1"]

1. d4 {Huebner,R} d5 2. c4 c6 3. Nf3 Nf6 4. Nc3 dxc4 5. a4 Bf5 6. Nh4 {The
move was introduced one day into modern practice by Kasparov with a
continuation 6...Bc8 7.e3 e5 8.Bxc4...} e6 {Such a treatment of the position
looks rather nihilistic but to refute it is not easy.} 7. Nxf5 exf5 8. e3 Bb4
9. Bxc4 O-O 10. O-O Nbd7 11. Qc2 g6 12. f3 Nb6 {It does not look that black
follows any plan.12...Rc8 with an idea c6-c5 was worth a consideration.} 13.
Bb3 a5 {Just at this moment 13...f4!? would lead to changing of a character of
the position:} (13... f4 14. exf4 (14. a5 Nbd5 15. exf4 (15. e4 Ne3 $13) 15...
Nxf4) 14... Qxd4+ 15. Kh1 Nbd5 16. Rd1 Qc5 $13) 14. Qf2 (14. Kh1 {Huebner,R}
Re8 15. e4 Qxd4 16. exf5 Nbd5 17. fxg6 hxg6 18. Bg5 Kg7 19. Rad1 Qe5 20. f4 Qe6
21. f5 Qe5 22. Bxd5 Nxd5 23. Nxd5 cxd5 24. Qd3 Rac8 25. Qxd5 Qxd5 26. Rxd5 Rc2
27. fxg6 Kxg6 28. h4 Ree2 29. h5+ Kxh5 30. Be3+ Kg6 31. Rg5+ Kh7 32. Rxf7+ Kh8
33. Bd4+ {1-0 Gleizerov,E-Djaparidze,D/Katowice 1991/EXT 97 (33)}) 14... Kg7 {
Huebner,R: 'Ich bin nicht sicher, daß dieser Zug nützlich ist. Zwar vermeidet
Schwarz prophylaktisch, daß f7 vom Läufer mit Schach geschlagen wird, läuft
aber in ein mögliches Lc1-h6+ nach Df2-h4 und e3-e4.'} (14... Qd7 {Huebner,R}
15. Bd2 Rad8 {mit der Idee, zur rechten Zeit c6-c5 folgen zu lassen, verdient
Untersuchung.}) 15. Bd2 Qd6 {Not well thought over. The queen will soon move
to e7.} 16. Rad1 Rad8 17. Kh1 Qe7 ({Die Fortsetzung} 17... Nbd5 {Huebner,R} 18.
Bc2 {ist nicht dazu geeignet, dem Weißen die Durchsetzung von e3-e4 zu
erschweren, zumal der Druck gegen den Bauern auf d4 wegfällt.}) 18. Rfe1 c5 19.
Qh4 c4 $2 {Serious mistake. Black had to maintain tension in the centre.19...
Sg8! was the best. Huebner,R: 'Danach scheint mir die Stellung für Schwarz
strategisch verloren zu sein. Er hat keine Möglichkeit, den Vorstoß e3-e4 auf
die Dauer zu verhindern; er besitzt kein Gegenspiel, und Weiß hat beliebig
Zeit zur Vorbereitung. Nötig war meines Erachtens'} (19... Ng8 {Huebner,R Auf}
20. Qg3 {folgt wieder} Nf6 {; Schwarz wehrt sich.}) 20. Bc2 Nh5 21. Qf2 $16 Qf6
{21...Dd6 was more stubborn(22.e4 f4)} (21... Qd6) 22. e4 fxe4 ({Or} 22... f4
23. g4 fxg3 24. hxg3 {with solid advantage. Still it was better than the text
move.}) 23. g4 $18 Nf4 24. Nxe4 Qc6 25. Bxf4 Bxe1 26. Rxe1 Nd7 27. g5 Rfe8 28.
Kg2 Kg8 29. Rd1 f5 30. d5 Qa6 31. Nd6 Re7 32. Re1 1-0

[Event "Bundesliga 0607"]
[Site "Germany"]
[Date "2006.11.19"]
[Round "4.3"]
[White "Pelletier, Yannick"]
[Black "L'Ami, Erwin"]
[Result "1/2-1/2"]
[WhiteElo "2588"]
[BlackElo "2593"]
[Annotator "L'Ami,E"]
[PlyCount "108"]
[EventDate "2006.10.28"]
[EventType "team-tourn"]
[EventRounds "15"]
[EventCountry "GER"]
[SourceTitle "CBM 116"]
[Source "ChessBase"]
[SourceDate "2007.02.01"]
[SourceVersion "1"]
[SourceVersionDate "2007.02.01"]
[SourceQuality "1"]
[WhiteTeam "Werder Bremen"]
[BlackTeam "Katernberg"]
[WhiteTeamCountry "GER"]
[BlackTeamCountry "GER"]

1. Nf3 d5 2. d4 Nf6 3. c4 c6 4. Nc3 dxc4 5. a4 Bf5 6. e3 e6 7. Bxc4 Bb4 8. O-O
Nbd7 9. Qe2 Bg6 10. e4 Bxc3 $5 {In my opinion this move has a worse reputation
then it deserves.} 11. bxc3 Nxe4 12. Ba3 Qc7 13. Rfe1 $5 ({Besides this move
White has two main alternatives:} 13. Nd2 {was played by Kasparov:} Ndf6 14.
Nxe4 Nxe4 15. Rfe1 O-O-O 16. Qb2 Rhe8 17. f3 Nd6 18. Bf1 Kb8 19. a5 Nc8 20. Bc5
{with a big initiative for White in Kasparov-Bareev, Tilburg 1991. Theory
developed and in time it was established that Black experiences no problems
after 13...Nxd2 14.Qxd2 c5!}) (13. Rfc1 {is considered to be the main line,
and the reader probably knows the famous game Petrosian-Bohm, Moscow 1975:}
O-O-O 14. a5 Rhe8 15. Nh4 Nd6 16. Nxg6 hxg6 17. Bb3 Rh8 18. h3 Rh5 19. Bd1 Rdh8
20. Rcb1 Rh4 21. Bxd6 $1 Qxd6 22. Qb2 Qc7 23. Ra3 Re8 24. Rb3 b6 25. axb6 axb6
26. Ra3 Kd8 27. Ra8+ Ke7 28. Qa3+ c5 29. Ra7 Qd6 30. Ba4 Rd8 31. dxc5 Qxc5 32.
Qxc5+ bxc5 33. Bc6 {1-0. A possible improvement of Black's play would be 13...
c5!?}) 13... Nxc3 14. Qe3 Ne4 15. Ne5 Nxe5 16. dxe5 Qb6 ({Less advisable is} 
16... Qxe5 17. f3 Qc3 18. fxe4 Qxc4 19. Rad1 {as the Black king is stuck on e8.
}) 17. Qf4 O-O-O $1 ({An improvement over} 17... Qd4 18. Qh4 f6 19. exf6 $1 ({
even more convincing as} 19. Bxe6 Qxe5 20. Qh3 {with compensation. 
(Lutz-Bareev, Munich 1994)}) 19... Qxf6 20. Qxf6 Nxf6 (20... gxf6 21. f3 {
isn't a solution either.}) 21. Rxe6+ Kd8 22. Rd1+ {with an overwhelming
position.}) 18. Rxe4 Bxe4 19. Qxe4 Qd4 20. Qxd4 Rxd4 21. Rc1 b6 $2 ({A serious
error, Black should be perfectly OK after} 21... Rhd8 22. Bd6 R8xd6 23. exd6
Kd7 {. In the game White continues Bd6-Kf1-e2-e3 which forces me to give the
exchange under much worse circumstances.}) 22. Bd6 Kb7 23. Kf1 a6 $6 ({Also
here, despite under worse circumstances,} 23... Rd8 {followed by Rxd6 was a
better try.}) 24. Ke2 b5 25. Bb3 Rd8 26. Ke3 R8xd6 27. exd6 Rxd6 28. a5 $1 {
This is the big difference, Black has a horrible weakness on a6. White will
now start pushing his king-side pawns, creating weaknesses in Black's camp. In
the meantime Black can only wait passively.} Kc7 29. f4 Rd8 30. Bd1 Kd6 31. Bf3
Rc8 32. Kd4 c5+ 33. Kc3 Rc7 34. Rd1+ Ke7 35. g4 h6 36. h4 g6 37. Rd2 c4 {
I would of course prefer to keep this pawn on c5 - to stop the White king from
penetrating - but Black is in zugzwang and the only other 'possible' move is
37...Ra7.} 38. Rd1 Rc5 39. Kb4 ({And of course not} 39. Bb7 b4+) 39... Rc7 40.
Kc3 Rc5 41. Kb4 Rc7 42. Be4 {Another zugzwang, I have to move one of the pawns.
} f5 (42... c3 43. Bd3 c2 44. Rc1 Rd7 45. Kc3 $1 {loses outright.}) 43. gxf5
gxf5 44. Bf3 Kf6 45. h5 Rg7 (45... c3 46. Be2 c2 47. Rc1 e5 48. Kb3 {doesn't
offer much hope for survival either.}) 46. Kc5 $5 ({A less adventurous way of
converting the advantage is} 46. Rd6 Rg1 ({or} 46... Rg3 47. Bd5 Rb3+ 48. Kc5
Re3 49. Rxa6 c3 50. Kxb5 c2 51. Rc6 Re1 52. Rxc2 exd5 53. Ra2 {and the a-pawn
decides.}) 47. Bd5 Rb1+ 48. Kc3 Rb3+ 49. Kc2 Rd3 50. Rxe6+ Kf7 51. Re5+ Kf6 52.
Bb7 b4 53. Bxa6 b3+ 54. Kb2 Rd2+ 55. Kc3 Rc2+ 56. Kd4 b2 57. Rb5 c3 58. Rb6+
Ke7 59. Bd3 {winning.}) 46... c3 47. Rc1 Rc7+ 48. Bc6 b4 49. Kb6 Rc8 50. Kb7
Rd8 51. Kxa6 Rb8 52. Bb7 Rd8 $5 {'Threatening' Rd1} 53. Bc6 Rb8 54. Bb7 Rd8 ({
And here my opponent, who was in a bit of time-trouble, offered a draw which I
happily accepted, White has a straightforward win:} 54... Rd8 55. Kb6 Rd1 56.
a6 $1 ({and not} 56. Rxd1 c2 $1 {when Black queens.}) 56... Rxc1 57. a7 Ra1 58.
Ba6 Rxa6+ 59. Kxa6 c2 60. a8=Q c1=Q {and here it turns out the Black king is
not optimaly placed.} 61. Qf8#) 1/2-1/2

[Event "Pamplona 9293 3rd"]
[Site "Pamplona"]
[Date "1992.??.??"]
[Round "5"]
[White "Kramnik, Vladimir"]
[Black "Lautier, Joel"]
[Result "0-1"]
[WhiteElo "2625"]
[BlackElo "2580"]
[Annotator "Lautier,J"]
[PlyCount "84"]
[EventDate "1992.12.??"]
[EventType "tourn"]
[EventRounds "9"]
[EventCountry "ESP"]
[EventCategory "13"]
[SourceTitle "CBM 033"]
[Source "ChessBase"]
[SourceDate "1993.04.01"]
[SourceVersion "1"]
[SourceVersionDate "1993.04.01"]
[SourceQuality "1"]

1. d4 {Ftacnik Hertneck} d5 2. Nf3 Nf6 3. c4 c6 4. Nc3 dxc4 5. a4 Bf5 6. e3 e6
7. Bxc4 Bb4 8. O-O Nbd7 9. Nh4 Bg6 10. Be2 a5 (10... Rc8 $5 {Hertneck} 11. g3
O-O 12. Nxg6 hxg6 13. Qb3 Qb6 14. Rd1 Rfd8 $13 {Yusupov,A-Khalifman,A, Munich
1992}) (10... O-O {Hertneck} 11. Nxg6 hxg6 12. Qc2 Qe7 (12... Qb6 13. Rd1 e5
14. dxe5 Nxe5 15. Na2 Be7 16. b4 $14 {Ivanchuk,V-Khalifman,A/Moscow GMA-op/})
13. Rd1 e5 14. h3 a5 $13 {Kramnik,V-Huebner,R, Bundesliga 1992} (14... a5 {
Ftacnik} 15. dxe5 Qxe5 16. Bd2 {0,5/Kramnik,V-Huebner,R/BL 9293/1992/})) 11.
Nxg6 hxg6 12. Qc2 Qc7 13. g3 (13. h3 $6 g5 $15 {/\ g4.}) 13... e5 14. Rd1 (14.
dxe5 $6 Qxe5 {/\ Qe6-h3}) 14... Rd8 (14... O-O 15. dxe5 Qxe5 $14 (15... Nxe5 $6
16. f4 Ned7 17. e4 $16)) (14... O-O {Hertneck}) 15. Bf3 O-O (15... exd4 16.
exd4 (16. Rxd4 Ne5 $10) 16... O-O (16... Nb6 17. Bf4 Qd7 18. Qe2+ $14) 17. Bf4
Qb6 (17... Bd6 $2 18. Nb5 $18) 18. Be3 $14) 16. Na2 (16. Bg2 exd4 17. exd4 (17.
Rxd4 Ne5 {with the idea Qb6=}) 17... Nb6 18. Bf4 Qd7 19. Na2 Bd6 20. Bd2 Ra8 {
with the idea Nf6-d5=}) 16... Bd6 (16... Be7 $1 17. Bd2 (17. d5 $2 e4 $1 18.
Bg2 Ne5 19. Bxe4 (19. dxc6 Rxd1+ 20. Qxd1 Qxc6 $17) 19... Nxe4 20. Qxe4 cxd5
21. Rxd5 Rxd5 22. Qxd5 Rd8 23. Qb3 (23. Qe4 $2 Rd1+ 24. Kg2 Nd3 $19) 23... Qc6
$17) 17... exd4 18. exd4 Nb8 $1 (18... Rfe8 $6 19. Nc1 $1 $14 {/\ Nb3}) 19. Nc1
Na6 20. Nb3 Nb4 $10) 17. dxe5 (17. Bg2 exd4 18. Rxd4 Nc5 $10) (17. Bg2 {Ftacnik
}) 17... Nxe5 18. Bg2 Be7 19. Bd2 (19. e4 $14 {Hertneck}) 19... Nd5 20. Qb3 $6
(20. h3 $1 $14 {Kramnik : with the idea f2-f4}) (20. h3 {Hertneck /\ f4}) (20.
Be1 {Ftacnik}) 20... Nb4 $1 21. Nxb4 axb4 22. Be1 (22. Bxb4 Qb6 23. Qc3 Qxb4
24. Qxe5 Bf6 $10) 22... c5 23. Qc2 c4 24. Bd5 $8 Rd7 $1 25. Rac1 (25. Kg2 Rfd8
26. e4 Bc5 $13 {/\ Nd3}) 25... Rfd8 26. e4 (26. Bxc4 $5 Qc6 $1 (26... Rxd1 $2
27. Bxf7+ $1 Kxf7 28. Qxc7 Nf3+ 29. Kf1 Nxe1 30. Rxd1 Rxd1 31. Ke2 Rb1 32. Qxb7
$16) 27. Bb3 (27. Rxd7 {Hertneck} Nf3+ 28. Kf1 Nxh2+ 29. Kg1 Nf3+ 30. Kf1 Qxd7
31. Kg2 $13) 27... Nf3+ 28. Kf1 Nxh2+ 29. Kg1 Nf3+ $10) 26... Qa5 $1 {>< a4}
27. Rb1 $6 (27. Kg2 {was better}) 27... Bf6 $1 (27... b3 $2 28. Qc3 $1) 28. Kg2
b3 $1 29. Qe2 (29. Bxa5 $2 {Ftacnik} bxc2 $19) 29... Qxa4 30. Rbc1 $2 (30. Ra1
Qb5 31. Ra5 Qb6 32. Ra4 $1 $15) 30... Qa7 $1 (30... b5 $4 31. Ra1 $18) 31. Bc3
b5 $17 32. Bxe5 (32. h4 $5 {Ftacnik}) 32... Bxe5 33. h4 $2 (33. Rd2 Qc5 34.
Rcd1 $17) 33... Qc5 34. Rd2 Rxd5 $1 35. exd5 Rxd5 36. Rcd1 Rxd2 37. Rxd2 Qc6+
$1 38. Kh2 Bf6 $19 39. h5 gxh5 40. Qxh5 b4 41. Rd5 g6 42. Qf3 (42. Qd1 c3 $19)
42... Kg7 (42... c3 $4 43. Rd8+ $18) 0-1

[Event "EU-ch 12th"]
[Site "Aix les Bains"]
[Date "2011.03.22"]
[Round "1"]
[White "Fressinet, Laurent"]
[Black "Thorfinnsson, Bragi"]
[Result "1/2-1/2"]
[WhiteElo "2693"]
[BlackElo "2417"]
[Annotator "Marchand,A/Primel,D"]
[PlyCount "69"]
[EventDate "2011.03.22"]
[EventType "swiss"]
[EventRounds "11"]
[EventCountry "FRA"]
[SourceTitle "CBM 142 Extra"]
[Source "ChessBase"]
[SourceDate "2011.06.27"]
[SourceVersion "1"]
[SourceVersionDate "2011.06.27"]
[SourceQuality "1"]
[TimeControl "40/5400+30:1800+30"]

1. d4 d5 2. Nf3 Nf6 3. c4 c6 4. Nc3 dxc4 5. a4 Bf5 6. Nh4 (6. e3 e6 7. Bxc4 Bb4
8. O-O O-O (8... Nbd7 9. Qe2 Bg6 10. e4 (10. Na2 Bd6 11. Nc3 O-O 12. e4 e5 {
Mikenas,V-Smyslov,V URS-ch13 Moscow 1944 (1) 0-1}) 10... Bxc3 11. bxc3 Nxe4 12.
Ba3 $44) 9. Nh4 Nbd7) (6. Ne5 e6 7. f3) 6... e6 (6... Bc8 {Cornette,M (2548)
-Geenen,M (2289) EU-ch 12th Aix-Les-Bains 2011 (4) 1-0}) (6... Bg4) 7. Nxf5
exf5 8. e3 Bb4 9. Bxc4 O-O 10. O-O Nbd7 11. f3 (11. Qc2 {La grande ligne} g6
12. f3 Rc8 13. Kh1 c5 14. Ba2 Nb6 15. dxc5 Rxc5 16. e4 Qe7 17. Qb3 Ra5 {
Moiseenko,A (2649)-Swathi,G (2379) Quebec-ch op 2006 (4) 1-0} (17... Ba5 $5 {
Vigorito})) 11... Nb6 (11... g6 $142 12. Qc2 (12. Na2 Bd6 13. Bd2) 12... a5)
12. Bb3 Qe7 (12... Qd7 13. a5 $14 {[%csl Rb6,Rb7]}) 13. Qd3 $1 g6 (13... a5 14.
Qxf5 Rad8) 14. a5 $14 {[%csl Rb6]} Nbd5 15. a6 $1 {[%csl Ra7,Rb7]} Rad8 $146 (
15... Rab8 16. e4 $14 {Zierke,O (2313)-Brauer,C (2132) Berlin Unicorn op 2007 
(4) 0-1}) 16. e4 {[%csl Gd4,Ge4]} (16. axb7 Qxb7) 16... Nc7 17. axb7 (17. Be3
Nxa6) 17... Rxd4 $1 {[%csl Rg1][%cal Gb4c5,Gc5g1] La pointe} 18. Qe2 $2 (18.
Qc2 $142 {[%cal Gc2b3]} Bc5 19. Kh1 Rb4 20. exf5 {C'est la différence entre
les deux variantes car les Noirs n'ont pas gagné un tempo en jouant Rb4}) 18...
Bc5 $132 {[%cal Gd4e4,Gc5g1]} 19. Kh1 Rb4 20. Ba2 (20. Qc2) 20... Nh5 21. g3
Rxb7 22. exf5 Qxe2 23. Nxe2 Re8 24. Nc3 gxf5 25. g4 Nf6 26. Bg5 Nfd5 27. gxf5
Nxc3 28. bxc3 Rb2 29. Bc4 Nd5 30. Bh6 f6 31. Ra4 Kf7 32. Rd1 Re5 33. Bf4 Rxf5
34. Bg3 Bb6 35. Raa1 1/2-1/2